| 000 | 00000nam 2200000za 4500 |
| 001 | 9.800600 |
| 003 | CaOODSP |
| 005 | 20250505104649 |
| 007 | cr ||||||||||| |
| 008 | 150508s2015 xxc|||||o f|0| 0 per d |
| 020 | |a978-0-662-03897-9 |
| 040 | |aCaOODSP|beng |
| 043 | |an-cn--- |
| 086 | 1 |aPS38-49/2015Per-PDF|zPS38-49/2015Pe-PDF |
| 245 | 00|a[Information for people detained under the Immigration and Refugee Protection Act] |h[electronic resource]. |
| 250 | |a[Farsi edition]. |
| 260 | |aOttawa : |bCanada Border Services Agency, |cc2015. |
| 300 | |a4 p. |
| 500 | |aEnglish title supplied by the publisher. |
| 546 | |aText in Farsi. |
| 710 | 2 |aCanada Border Services Agency. |
| 775 | 08|tInformation for people detained under the Immigration and Refugee Protection Act |w(CaOODSP)9.800548 |
| 792 | |t[Renseignements à l'intention des personnes détenues en vertu de la Loi sur l'immigration et la protection des réfugiés] |efre|w(CaOODSP)9.800601 |
| 856 | 40|qPDF|s507 KB|uhttps://publications.gc.ca/collections/collection_2015/asfc-cbsa/PS38-49-2015-per.pdf |
| 986 | |aBSF5012-14 (Farsi) |